Enfermedades y plagas en Cattleyas (Registro nro. 2512)

Detalles MARC
000 -CABECERA
Campo de control 01082nam a2200313 a 4500
005 - FECHA Y HORA DE LA ULTIMA TRANSACCION
Campo de control 20200104041533.0
008 - ELEMENTOS DE LONGITUD FIJA—INFORMACION GENERAL
Campo de control 140305b2001 ck ado |r|||| 00| 0 spa d
040 ## - FUENTE DE CATALOGACIÓN
Agencia catalogadora original CO-BoIAVH
Agencia transcriptora CO-BoIAVH
041 ## - IDIOMA
Código de idioma para texto/pista de sonido o título separado Español
044 ## - PAÍS DE PUBLICACIÓN
País de publicación Colombia
082 04 - NUMERO DE CLASIFICACION DECIMAL DEWEY
Número de clasificación 584.4
Número del ítem A51e
100 1# - ASIENTO PRINCIPAL--NOMBRE PERSONAL
Nombre personal Angel C., Carlos Ariel
9 (RLIN) 16260
245 10 - MENCION DE TITULO
Título Enfermedades y plagas en Cattleyas
Parte restante del título antecedentes e investigaciones en Colombia /
Mención de responsabilidad Carlos Ariel Ángel C. [y otros 6].
260 ## - PUBLICACION, DISTRIBUCION, ETC. (PIE DE IMPRENTA)
Lugar de publicación, distribución, etc. Chinchiná (Caldas) :
Nombre del editor, distribuidor, etc. Cenicafé,
Fecha de publicación, distribución, etc. 2001.
300 ## - DESCRIPCION FISICA
Extensión 321 páginas :
Otros detalles físicos ilustraciones, tablas, fotografías a color ;
Dimensiones 25 x 17 cm.
650 #6 - ASIENTO SECUNDARIO DE MATERIA - TERMINO TEMATICO
Término temático o nombre geográfico como elemento de entrada Plantas ornamentales
9 (RLIN) 294
650 #4 - ASIENTO SECUNDARIO DE MATERIA - TERMINO TEMATICO
Término temático o nombre geográfico como elemento de entrada Orquídeas
9 (RLIN) 58260
650 #6 - ASIENTO SECUNDARIO DE MATERIA - TERMINO TEMATICO
Término temático o nombre geográfico como elemento de entrada Fitopatología
9 (RLIN) 7669
650 #6 - ASIENTO SECUNDARIO DE MATERIA - TERMINO TEMATICO
Término temático o nombre geográfico como elemento de entrada Plagas de plantas
9 (RLIN) 16274
650 #6 - ASIENTO SECUNDARIO DE MATERIA - TERMINO TEMATICO
Término temático o nombre geográfico como elemento de entrada Cattleya
9 (RLIN) 58261
662 ## - ASIENTO SECUNDARIO DE MATERIA - JERARQUIA DEL NOMBRE DE LUGAR(
País o entidad mayor Colombia
700 1# - ASIENTO SECUNDARIO - NOMBRE PERSONAL
Nombre personal Tsubota N., Masanobu
9 (RLIN) 16265
700 1# - ASIENTO SECUNDARIO - NOMBRE PERSONAL
Nombre personal Leguizamón C., Jairo E.
9 (RLIN) 16266
700 1# - ASIENTO SECUNDARIO - NOMBRE PERSONAL
Nombre personal Cárdenas M., Reinaldo
9 (RLIN) 16267
700 1# - ASIENTO SECUNDARIO - NOMBRE PERSONAL
Nombre personal Chaves C., Bernardo
9 (RLIN) 16268
700 1# - ASIENTO SECUNDARIO - NOMBRE PERSONAL
Nombre personal Cadena G., Gabriel
9 (RLIN) 16269
700 1# - ASIENTO SECUNDARIO - NOMBRE PERSONAL
Nombre personal Bustillo Pardey, Alex Enrique
9 (RLIN) 16270
942 ## - ELEMENTOS ADICIONALES (KOHA)
Tipo de ítem Libro
Sistema de clasificación Dewey Decimal Classification
Existencias
Withdrawn status Lost status Sistema de Clasificación Damaged status No para préstamo Colección Inventariado Ubicación Permanente Ubicación actual Fecha de adquisición Fuente de Valor Valor Total Checkouts Número topográfico Inventario / Código de Barras Date last seen Ejemplar Price effective from Forma de adquisición Tipo de material
    Dewey Decimal Classification     General Inventariado 2017 Bogotá Bogotá 08/02/2002 Instituto 39000.00   LB-584.4 A51e 003108 04/12/2012 Ej. 1 04/12/2012   Libro
    Dewey Decimal Classification     General Inventariado 2017 Sala Fabio Quevedo Sala Fabio Quevedo 09/01/2002 Instituto 39000.00   LB-584.4 A51e 003109 04/12/2012 Ej. 2 04/12/2012 Donación Libro